Statistiken für Top 15 Accounts mit den meisten Instagram-Followern (2024)

Klicken Sie hier um das Quiz zu spielen!

Allgemein

  • Dieses Quiz wurde 79 mal gespielt
  • Das Durchschnittsergebnis liegt bei 7 aus 15

Antwortstatistiken

Follower (in Mio)Antwort% Korrekt
628 MioCristiano Ronaldo
95%
502 MioLionel Messi
94%
672 MioInstagram
69%
364 MioKim Kardashian
57%
401 MioKylie Jenner
54%
283 MioTaylor Swift
54%
430 MioSelena Gomez
49%
380 MioAriana Grande
43%
293 MioJustin Bieber
43%
295 MioKendall Jenner
43%
310 MioKhloe Kardashian
31%
320 MioBeyonce
26%
398 MioDwayne Johnson
26%
307Nike
14%
284 MioNatGeo
2%

Verteilung der Resultate

Perzentil nach korrekt beantworteten Fragen

Anzahl Personen mit jedem Resultat

Ihre Resultats-Entwicklung

Sie haben dieses Quiz noch nicht gespielt